[Event "ARG-chT ART Semillero U21"]
[Site "Villa Martelli"]
[Date "2017.06.17"]
[Round "6"]
[White "Esposto, Christian"]
[Black "Varacalli, Francisco"]
[Result "0-1"]
[WhiteElo "1682"]
[BlackElo "2312"]
[PlyCount "74"]
[EventDate "2017.05.13"]
[EventType "team-swiss"]
[EventRounds "7"]
[EventCountry "ARG"]
[SourceTitle "EXT 2018"]
[Source "ChessBase"]
[SourceDate "2017.10.13"]
[SourceVersion "1"]
[SourceVersionDate "2017.10.13"]
[SourceQuality "1"]
[WhiteTeam "Ventajedrez Plastigal U21"]
[BlackTeam "Club Argentino U21"]
[WhiteTeamCountry "ARG"]
[BlackTeamCountry "ARG"]

1. Nf3 Nf6 2. g3 g6 3. Bg2 Bg7 4. 0-0 0-0 5. d4 d6 6. c4 Nc6 7. Nc3 Bg4 8. h3 Bxf3 9. Bxf3 Nd7 10. Be3 e5 11. d5 Ne7 12. Bg2 f5 13. Rb1 a5 14. Bd2 Kh8 15. e4 Nf6 16. b4 axb4 17. Rxb4 b6 18. Qc2 Qd7 19. Kh2 Rf7 20. Rb2 Raf8 21. f3 h5 22. h4 fxe4 23. Nxe4 Nxe4 24. Qxe4 Qf5 25. Re1 Kh7 26. Bg5 Ng8 27. Rbe2 Bh6 28. Bxh6 Nxh6 29. Re3 Kg7 30. Ra3 Qf6 31. Bh3 Nf5 32. Bxf5 gxf5 33. Qe3 f4 34. Qe4 fxg3+ 35. Kxg3 Kh8 36. Kf2 Qf4 37. Qxf4 Rxf4 0-1

[Event "ARG-chT ART Semillero U21"]
[Site "Villa Martelli"]
[Date "2017.05.27"]
[Round "3"]
[White "Esposto, Christian"]
[Black "Malamud, Lautaro"]
[Result "0-1"]
[WhiteElo "1682"]
[BlackElo "2059"]
[PlyCount "102"]
[EventDate "2017.05.13"]
[EventType "team-swiss"]
[EventRounds "7"]
[EventCountry "ARG"]
[SourceTitle "EXT 2018"]
[Source "ChessBase"]
[SourceDate "2017.10.13"]
[SourceVersion "1"]
[SourceVersionDate "2017.10.13"]
[SourceQuality "1"]
[WhiteTeam "Ventajedrez Plastigal U21"]
[BlackTeam "Obras AySa U21"]
[WhiteTeamCountry "ARG"]
[BlackTeamCountry "ARG"]

1. d4 Nf6 2. Nf3 g6 3. c4 Bg7 4. Nc3 0-0 5. e4 d6 6. h3 e5 7. d5 Nh5 8. g4 Nf4 9. Rg1 a5 10. Ne2 Na6 11. Nc3 Bd7 12. Be3 c6 13. Qd2 cxd5 14. exd5 Rc8 15. Ne4 Qe7 16. Qxa5 f5 17. gxf5 gxf5 18. Ng3 Nc5 19. Qd2 Ng6 20. Nh5 Ne4 21. Qb4 f4 22. Bb6 Nc5 23. Nxg7 Qxg7 24. Bxc5 Rxc5 25. Nh4 Re8 26. 0-0-0 b5 27. Kb1 bxc4 28. Bxc4 Qf6 29. Nxg6 hxg6 30. Bb3 Rec8 31. Qd2 Bf5+ 32. Ka1 Qh4 33. Rc1 Rxc1+ 34. Rxc1 Rxc1+ 35. Qxc1 Qxf2 36. a4 Qb6 37. Bc2 Qe3 38. Qxe3 fxe3 39. Bd1 Bd3 40. b4 e2 41. Bxe2 Bxe2 42. b5 Kf7 43. Kb2 Ke7 44. Kc3 Kd7 45. h4 Kc7 46. Kb4 Kb6 47. a5+ Kb7 48. Ka4 e4 49. Kb4 e3 50. a6+ Kb6 51. Kc3 Bxb5 0-1